000 00470nam a22001337a 4500
005 20241011103158.0
008 241011b |||||||| |||| 00| 0 eng d
100 _aRensink, Connie.
_eauthor.
_962809
245 _aGlobal competence for today and the future /
_cConnie Rensink.
260 _aWashington;
_bTaylor & Francis Group,
_cJuly-August 2020.
300 _aVolume 96, pages 14-21,
_billustration.
700 _aRensink, Connie.
_eauthor.
_962810
942 _2ddc
_cPER
999 _c22495
_d22495